| 000 | 00562nam a2200181Ia 4500 | ||
|---|---|---|---|
| 999 |
_c31331 _d31331 |
||
| 003 | OSt | ||
| 005 | 20200803112939.0 | ||
| 008 | 190216s9999||||xx |||||||||||||| ||und|| | ||
| 020 | _a8122402089 | ||
| 040 | _coclc | ||
| 082 |
_a515.35 _bCHA/E |
||
| 100 |
_aChakrabarti, Aloknath _93768 |
||
| 245 | 0 |
_aElements Of Ordinary Differential Equations And Special Functions / _cAloknath Chakrabarti |
|
| 260 |
_bWiley Eastern Ltd, _c1996. _aDelhi: |
||
| 300 | _a148p | ||
| 650 | _aMathematics | ||
| 942 |
_cBK _2ddc _h515.35 _iCHA/E _k515.35 _mCHA/E |
||